La verdad de Jesús: estudios de cristología joanea
Uloženo v:
| Hlavní autor: | |
|---|---|
| Médium: | Kniha |
| Jazyk: | španělština |
| Vydáno: |
Madrid
Biblioteca de Autores Cristianos
1979
|
| Edice: | Biblioteca de Autores Cristianos
|
| Témata: | |
| Tagy: |
Přidat tag
Žádné tagy, Buďte první, kdo vytvoří štítek k tomuto záznamu!
|
MARC
| LEADER | 00000nam a2200000 a 4500 | ||
|---|---|---|---|
| 001 | UCL3638 | ||
| 003 | CL-VaPUC | ||
| 008 | 031205e19790000SP |||||||||||||||||spa|d | ||
| 020 | |a 8422008904 | ||
| 082 | 0 | 4 | |a 232.92 |b DEL |2 21 |
| 100 | 0 | |a De la Potterie, Ignacio |e author |9 480995 | |
| 245 | 1 | 3 | |a La verdad de Jesús: estudios de cristología joanea |
| 300 | |a 330 p | ||
| 942 | |c BK | ||
| 945 | |d 20031205 00:00:00 |a vberengu | ||
| 260 | |a Madrid |b Biblioteca de Autores Cristianos |c 1979 | ||
| 600 | 0 | |a Jesús |9 313614 | |
| 650 | 0 | |a Teología cristiana |9 308336 | |
| 650 | 0 | |a Cristología |9 315091 | |
| 583 | |a last modification |c 20031205 00:00:00 |k Rodrigo Vera | ||
| 490 | 0 | |a Biblioteca de Autores Cristianos | |
| 999 | |c 306655 |d 306653 | ||
| 952 | |0 0 |1 0 |4 0 |6 232_920000000000000_DEL_1979 |7 0 |8 A |9 371831 |a BIBTEO |b BIBTEO |d 2019-11-21 |i 2096684 |l 1 |m 1 |o 232.92 DEL 1979 |p 2096684 |r 2025-05-05 |s 2025-04-21 |w 2019-11-21 |y BK |k ICR | ||